| 000 | 00642pam a2200217 a 4500 | ||
|---|---|---|---|
| 001 | 1950625 | ||
| 005 | 20171214075944.0 | ||
| 008 | 870915s1987 miu 000 0 eng | ||
| 010 | _a 87027919 | ||
| 020 | _a0310248116 (pbk.) | ||
| 040 |
_aDLC _cDLC _dDLC |
||
| 041 | _aeng | ||
| 080 | _a220.6 JAM | ||
| 082 | 0 | 0 |
_a220.6 JAM _219 |
| 100 | _a24 | ||
| 101 | _aTEO | ||
| 245 | 0 | 0 | _a5500 questions and answers on the Holy Bible : |
| 740 | 0 | _aFifty five hundred questions and answers on the Holy Bible. | |
| 906 |
_a7 _bcbc _corignew _d1 _eocip _f19 _gy-gencatlg |
||
| 942 |
_2ddc _cBK |
||
| 999 |
_c38948 _d38948 |
||